ბათუმის შოთა რუსთაველის სახელმწიფო უნივერსიტეტის ბიბლიოთეკა

მათემატიკა ეკონომისტებისათვის : (ბიბ.ჩანაწერი № 49994)

000 -ლიდერი
ფიქსირებული სიგრძის საკონტროლო ველი 01442nam a2200265Ia 4500
001 - საკონტროლო ნომერი
საკონტროლო ველი 16931
003 - საკონტროლო ნომრის იდენტიფიკატორი
საკონტროლო ველი GE_BSU
005 - ბოლო ოპერაციის თარიღი და დრო
საკონტროლო ველი 20200203120100.0
008 - ფიქსირებული სიგრძის მონაცემთა ელემენტები - ზოგადი ინფორმაცია
ფიქსირებული სიგრძის საკონტროლო ველი 181216s2008 xx |||||||||||||| ||geo||
020 ## - წიგნის საერთაშორისო სტანდარტული ნომერი
International Standard Book Number 9789994090006
040 ## - კატალოგიზაციის წყარო
Transcribing agency GE_BSU
041 ## - ენის კოდი
Language code of text/sound track or separate title geo
080 ## - უნივერსალური ათობითი კლასიფიკაციის ინდექსი
Universal Decimal Classification number 51(075.8)+330 ნ-32
100 ## - მთავარი ჩანაწერი - პიროვნების სახელი
Personal name ნატროშვილი, დ.
9 (RLIN) 6683
245 ## - ცნობა სათაურის შესახებ
Title მათემატიკა ეკონომისტებისათვის :
Remainder of title სახელმძღვ. უმაღლ. სასწ. ეკონ. და საბანკო-საფინანსო სპეც. სტუდ. /
Statement of responsibility, etc დ. ნატროშვილი ; ლ. გიორგაშვილი ; გ. ჯაშიაშვილი.
250 ## - გამოცემის ცნობა
Edition statement მე-2 გადამუშავებული გამოცემა
260 ## - გამოქვეყნების, გავრცელების, და სხვა. ცნობები
Place of publication, distribution, etc თბილისი
264 ## - წარმოების, გამოცემის, დისტრიბუციის და სხვა ცნობები
გამოცემის, წარმოების, დისტრიბუციის... ადგილი თბილისი :
გამოცემის, წარმოების, დისტრიბუციის... სახელწოდება ,,ახალი ივერიონი'',
გამოცემის, წარმოების, დისტრიბუციის... თარიღი 2008.
300 ## - ფიზიკური აღწერა
Extent 577 გვ.:
Dimensions 24 სმ.
653 ## - INDEX TERM--UNCONTROLLED
Uncontrolled term მათემატიკა
653 ## - INDEX TERM--UNCONTROLLED
Uncontrolled term მათემატიკური ეკონომიკა; მათემატიკა - სახელმძღვანელოები უმაღლესი სასწავლებლებისათვის;
700 ## - ADDED ENTRY--PERSONAL NAME
Personal name გიორგაშვილი, ლ
9 (RLIN) 1709
700 ## - ADDED ENTRY--PERSONAL NAME
Personal name ჯაშიაშვილი, გ
9 (RLIN) 6684
942 ## - ADDED ENTRY ELEMENTS (KOHA)
Koha item type წიგნი
Source of classification or shelving scheme
ეგზემპლარები
ჩამოწერის სტატუსი დაკარგული ეგზემპლარის სტატუსი კლასიფიკაციის წყარო ან თაროზე გაწყობის სქემა დაზიანების სტატუსი არ გაიცემა მუდმივი მდებარეობა (დაცვის ადგილი) ამჟამინდელი ადგილსამყოფელი თაროზე განთავსების ადგილი შეძენის თარიღი ღირებულება, შესყიდვის ნორმალური ფასი სრული შენახვის შიფრი შტრიხკოდი ბოლო ოპერაციის თარიღი ეგზემპლარის მიმდევრობითი ნომერი (კეტერი?) ფასის ძალაში შესვლის თარიღი ეგზემპლარის სახეობა საჯარო შენიშვნა
          ბათუმის შოთა რუსთაველის სახელმწიფო უნივერსიტეტის მთავარი ბიბლიოთეკა ბათუმის შოთა რუსთაველის სახელმწიფო უნივერსიტეტის მთავარი ბიბლიოთეკა წიგნსაცავი 2018-12-17 25.00 51(075.8)+330 ნ-32 45198 2018-12-17 45198 2018-12-17 წიგნი 25.00
          ბათუმის შოთა რუსთაველის სახელმწიფო უნივერსიტეტის მთავარი ბიბლიოთეკა ბათუმის შოთა რუსთაველის სახელმწიფო უნივერსიტეტის მთავარი ბიბლიოთეკა წიგნსაცავი 2018-12-17 25.00 51(075.8)+330 ნ-32 47999 2018-12-17 47999 2018-12-17 წიგნი 25.00
          ბათუმის შოთა რუსთაველის სახელმწიფო უნივერსიტეტის მთავარი ბიბლიოთეკა ბათუმის შოთა რუსთაველის სახელმწიფო უნივერსიტეტის მთავარი ბიბლიოთეკა წიგნსაცავი 2018-12-17 25.00 51(075.8)+330 ნ-32 48000 2018-12-17 48000 2018-12-17 წიგნი 25.00
          ბათუმის შოთა რუსთაველის სახელმწიფო უნივერსიტეტის მთავარი ბიბლიოთეკა ბათუმის შოთა რუსთაველის სახელმწიფო უნივერსიტეტის მთავარი ბიბლიოთეკა წიგნსაცავი 2018-12-17 25.00 51(075.8)+330 ნ-32 48001 2018-12-17 48001 2018-12-17 წიგნი 25.00